[Event "43. Olimpiada Batumi 2018 Femenina"]
[Site "Batumi GEO"]
[Date "2018.10.01"]
[Round "7.4"]
[White "Usupbekova, Zarina"]
[Black "Allotey, Dorcas"]
[Result "1-0"]
[WhiteElo "1572"]
[BlackElo "1241"]
[PlyCount "47"]
[EventDate "2018.09.24"]
[EventType "team-swiss"]
[EventRounds "11"]
[EventCountry "GEO"]
[SourceTitle "Ajedrez en Madrid"]
[Source "lmi"]
[SourceDate "2018.09.24"]
[WhiteTeam "Kyrgyzstan"]
[BlackTeam "Ghana"]
[WhiteTeamCountry "KGZ"]
[BlackTeamCountry "GHA"]

1. e4 e5 2. Nc3 Nf6 3. f4 Nc6 4. fxe5 Nxe5 5. d4 Neg4 6. e5 Qe7 7. Qe2 Nd5 8.
Nxd5 Qh4+ 9. g3 Qh5 10. Nxc7+ Kd8 11. Nxa8 Bb4+ 12. c3 Ba5 13. b4 Bc7 14. Nxc7
Kxc7 15. h3 Re8 16. Qxg4 Rxe5+ 17. dxe5 Qxe5+ 18. Ne2 g5 19. Bxg5 Qd5 20. Rg1
Kb8 21. Bg2 Qb5 22. Qf4+ Ka8 23. Qc7 d5 24. Qxc8# 1-0

[Event "43. Olimpiada Batumi 2018 Femenina"]
[Site "Batumi GEO"]
[Date "2018.10.01"]
[Round "7.1"]
[White "Barria Baker, Raisa Melissa"]
[Black "Kollari, Hafife"]
[Result "1-0"]
[WhiteElo "1962"]
[BlackElo "1437"]
[PlyCount "47"]
[EventDate "2018.09.24"]
[EventType "team-swiss"]
[EventRounds "11"]
[EventCountry "GEO"]
[SourceTitle "Ajedrez en Madrid"]
[Source "lmi"]
[SourceDate "2018.09.24"]
[WhiteTeam "Panama"]
[BlackTeam "Kosovo"]
[WhiteTeamCountry "PAN"]
[BlackTeamCountry "KOS"]

1. d4 d5 2. Nf3 Nf6 3. c4 c6 4. Nc3 e6 5. Bg5 Be7 6. Bxf6 Bxf6 7. e4 dxe4 8.
Nxe4 Nd7 9. Nd6+ Ke7 10. Ne4 Qc7 11. Be2 Rd8 12. O-O Kf8 13. Qc2 h6 14. Rad1
Be7 15. a3 e5 16. Ng3 g6 17. Qc1 Kg7 18. Qe3 f6 19. h4 b6 20. h5 g5 21. Nf5+
Kf8 22. Qe4 Bb7 23. Nxh6 Qd6 24. Qh7 1-0

[Event "43. Olimpiada Batumi 2018 Femenina"]
[Site "Batumi GEO"]
[Date "2018.10.01"]
[Round "7.2"]
[White "Saraci, Ndriqona"]
[Black "Carrillo Marval, Maria Angelica"]
[Result "1/2-1/2"]
[WhiteElo "1263"]
[BlackElo "1712"]
[PlyCount "76"]
[EventDate "2018.09.24"]
[EventType "team-swiss"]
[EventRounds "11"]
[EventCountry "GEO"]
[SourceTitle "Ajedrez en Madrid"]
[Source "lmi"]
[SourceDate "2018.09.24"]
[WhiteTeam "Kosovo"]
[BlackTeam "Panama"]
[WhiteTeamCountry "KOS"]
[BlackTeamCountry "PAN"]

1. e4 c5 2. Nf3 d6 3. d4 cxd4 4. Nxd4 Nf6 5. Nc3 g6 6. Be3 Bg7 7. Be2 O-O 8.
O-O Nc6 9. Qd2 Ng4 10. Nxc6 bxc6 11. Bxg4 Bxg4 12. Bh6 Qa5 13. Bxg7 Kxg7 14.
Qd4+ Qe5 15. Qxe5+ dxe5 16. f3 Be6 17. Rfd1 Rfd8 18. b3 Rd4 19. Ne2 Rd6 20. c4
Rad8 21. Nc3 f5 22. Rxd6 exd6 23. Rd1 Kf6 24. Kf2 Ke7 25. Rd2 Rf8 26. Ke3 Bc8
27. b4 Be6 28. Kd3 Rd8 29. b5 cxb5 30. cxb5 d5 31. exd5 Bxd5 32. Ke3 f4+ 33.
Kf2 Bb7 34. Re2 Kd6 35. Rd2+ Kc7 36. Re2 Kd6 37. Rd2+ Kc7 38. Re2 Kd6 1/2-1/2

[Event "43. Olimpiada Batumi 2018 Femenina"]
[Site "Batumi GEO"]
[Date "2018.10.01"]
[Round "7.3"]
[White "Gonzalez, Yaribeth"]
[Black "Saraci, Rinesa"]
[Result "1/2-1/2"]
[WhiteElo "1727"]
[BlackElo "1138"]
[PlyCount "60"]
[EventDate "2018.09.24"]
[EventType "team-swiss"]
[EventRounds "11"]
[EventCountry "GEO"]
[SourceTitle "Ajedrez en Madrid"]
[Source "lmi"]
[SourceDate "2018.09.24"]
[WhiteTeam "Panama"]
[BlackTeam "Kosovo"]
[WhiteTeamCountry "PAN"]
[BlackTeamCountry "KOS"]

1. e4 e5 2. Nf3 Nc6 3. Bc4 Bc5 4. d3 Nf6 5. O-O d6 6. c3 Be6 7. Bxe6 fxe6 8.
Qb3 Qc8 9. Ng5 Nd8 10. a4 O-O 11. Qd1 a5 12. Be3 Bxe3 13. fxe3 h6 14. Nh3 Nc6
15. Nd2 Qd7 16. Qe2 Rf7 17. d4 Raf8 18. Nf2 exd4 19. exd4 e5 20. Nb3 b6 21. d5
Ne7 22. Nd2 Ng6 23. g3 Nh7 24. Qg4 Qxg4 25. Nxg4 Ng5 26. Rxf7 Rxf7 27. Rf1 Nf8
28. h4 Ngh7 29. Rxf7 Kxf7 30. b4 Nd7 1/2-1/2

[Event "43. Olimpiada Batumi 2018 Femenina"]
[Site "Batumi GEO"]
[Date "2018.10.01"]
[Round "7.1"]
[White "Tjong Tjin Joe, Kaithlyn"]
[Black "Gurung, Sushila"]
[Result "1-0"]
[WhiteElo "1683"]
[BlackElo "1414"]
[PlyCount "103"]
[EventDate "2018.09.24"]
[EventType "team-swiss"]
[EventRounds "11"]
[EventCountry "GEO"]
[SourceTitle "Ajedrez en Madrid"]
[Source "lmi"]
[SourceDate "2018.09.24"]
[WhiteTeam "Surinam"]
[BlackTeam "Nepal"]
[WhiteTeamCountry "SUR"]
[BlackTeamCountry "NEP"]

1. e4 d6 2. Nf3 Nf6 3. Nc3 g6 4. d4 Bg7 5. h3 b6 6. Be3 Bb7 7. Bd3 O-O 8. Qd2
Re8 9. Bh6 e5 10. Bxg7 Kxg7 11. dxe5 dxe5 12. O-O-O a5 13. Qg5 h6 14. Qh4 Nbd7
15. g4 Nh7 16. Qg3 Qf6 17. h4 c6 18. g5 Qf4+ 19. Qxf4 exf4 20. gxh6+ Kxh6 21.
Ba6 Bxa6 22. Rxd7 Bc4 23. Rd6 Re6 24. Rd7 f6 25. Nd4 Nf8 26. Rc7 Rd6 27. Rd1 c5
28. Nf5+ gxf5 29. Rxd6 Ne6 30. Rcc6 fxe4 31. Rxe6 Bxe6 32. Rxe6 Kh5 33. Nxe4
Kxh4 34. Rxf6 Kg4 35. Rxb6 c4 36. Nd2 Rc8 37. c3 Rc5 38. Rg6+ Kf5 39. Rh6 Kg4
40. f3+ Kg5 41. Ne4+ Kxh6 42. Nxc5 Kg5 43. Kd2 Kf5 44. b4 axb4 45. cxb4 Ke5 46.
Nd3+ cxd3 47. Kxd3 Kd5 48. a4 Kc6 49. Ke4 Kd6 50. Kxf4 Kd5 51. a5 Kc4 52. a6
1-0

[Event "43. Olimpiada Batumi 2018 Femenina"]
[Site "Batumi GEO"]
[Date "2018.10.01"]
[Round "7.2"]
[White "Joshi, Sindira"]
[Black "Kaslan, Catherine"]
[Result "1/2-1/2"]
[WhiteElo "1584"]
[BlackElo "1735"]
[PlyCount "132"]
[EventDate "2018.09.24"]
[EventType "team-swiss"]
[EventRounds "11"]
[EventCountry "GEO"]
[SourceTitle "Ajedrez en Madrid"]
[Source "lmi"]
[SourceDate "2018.09.24"]
[WhiteTeam "Nepal"]
[BlackTeam "Surinam"]
[WhiteTeamCountry "NEP"]
[BlackTeamCountry "SUR"]

1. e4 c5 2. Nc3 Nc6 3. f4 g6 4. Nf3 Bg7 5. Bb5 Nd4 6. O-O a6 7. Bc4 e6 8. d3 b5
9. Bb3 d6 10. Nxd4 cxd4 11. Ne2 Ne7 12. Qe1 O-O 13. Kh1 f5 14. Ng1 Kh8 15. Nf3
Bf6 16. Qf2 e5 17. fxe5 dxe5 18. Bh6 fxe4 19. Bxf8 exf3 20. Qxf3 Bf5 21. Bxe7
Bxe7 22. Bd5 Rb8 23. Be4 Be6 24. Qe2 Qd7 25. Bf3 Bd6 26. Rf2 Qc7 27. Be4 Bf8
28. Raf1 Bg7 29. Bf3 Rd8 30. Bg4 Bd5 31. Bf3 Be6 32. Be4 Kg8 33. h4 Qe7 34. g3
Qd7 35. h5 Bg4 36. Bf3 gxh5 37. Bxg4 Qxg4 38. Qxg4 hxg4 39. Rf7 Rd6 40. Ra7 h6
41. Ra8+ Kh7 42. Rf7 Rc6 43. Raa7 Rg6 44. Rfe7 Kg8 45. Re8+ Bf8 46. Rxe5 Rc6
47. Re2 Bc5 48. Re8+ Bf8 49. Raa8 Rf6 50. Red8 Kg7 51. Rxd4 h5 52. Rd7+ Kg6 53.
Rda7 Bc5 54. Rxa6 Bb6 55. Rg8+ Kh7 56. Rxb6 Rxb6 57. Rg5 Kh6 58. Rf5 Re6 59.
Kg2 Kg6 60. Rf2 Kg5 61. d4 h4 62. gxh4+ Kxh4 63. c3 Re3 64. Rd2 Rg3+ 65. Kf1
Kh3 66. d5 Rf3+ 1/2-1/2

[Event "43. Olimpiada Batumi 2018 Femenina"]
[Site "Batumi GEO"]
[Date "2018.10.01"]
[Round "7.3"]
[White "Frijde, Reyna"]
[Black "Lohani, Sujana"]
[Result "0-1"]
[WhiteElo "1559"]
[BlackElo "1537"]
[PlyCount "112"]
[EventDate "2018.09.24"]
[EventType "team-swiss"]
[EventRounds "11"]
[EventCountry "GEO"]
[SourceTitle "Ajedrez en Madrid"]
[Source "lmi"]
[SourceDate "2018.09.24"]
[WhiteTeam "Surinam"]
[BlackTeam "Nepal"]
[WhiteTeamCountry "SUR"]
[BlackTeamCountry "NEP"]

1. e4 d6 2. d4 Nf6 3. Bd3 g6 4. Nf3 Bg7 5. O-O O-O 6. c3 c5 7. Nbd2 cxd4 8.
cxd4 Nc6 9. Nb3 Qb6 10. h3 a5 11. Be3 Nb4 12. d5 Qd8 13. Nbd4 Bd7 14. a3 Nxd3
15. Qxd3 a4 16. Rac1 Rc8 17. Rxc8 Qxc8 18. Rc1 Qb8 19. Nd2 Rc8 20. Rxc8+ Qxc8
21. b4 Qc1+ 22. Nf1 Qb2 23. Nd2 Nh5 24. N2f3 e5 25. dxe6 fxe6 26. g4 Nf6 27.
Ng5 d5 28. e5 Ne4 29. Ngxe6 Bxe5 30. Nc5 Nxc5 31. bxc5 Qa1+ 32. Kg2 Qb2 33. Kg1
Qa2 34. Kf1 Qc4 35. Qxc4 dxc4 36. Nc2 Bb2 37. Ke1 Bc6 38. Ke2 Kf7 39. f3 Ke6
40. Nd4+ Bxd4 41. Bxd4 Kd5 42. Be3 Ke5 43. g5 Bb5 44. Kd2 Bc6 45. Ke2 Bb5 46.
Kf2 c3 47. Ke1 Bd3 48. Kd1 Kd5 49. Kc1 Kc4 50. Kd1 Kb3 51. Bc1 Ka2 52. Ke1 Kb1
53. Be3 Kb2 54. Kd1 Kxa3 55. Bc1+ Kb3 56. Ke1 a3 0-1

[Event "43. Olimpiada Batumi 2018 Femenina"]
[Site "Batumi GEO"]
[Date "2018.10.01"]
[Round "7.4"]
[White "Khamboo, Monalisha"]
[Black "Kaslan, Alexandra"]
[Result "1-0"]
[WhiteElo "1704"]
[BlackElo "1414"]
[PlyCount "125"]
[EventDate "2018.09.24"]
[EventType "team-swiss"]
[EventRounds "11"]
[EventCountry "GEO"]
[SourceTitle "Ajedrez en Madrid"]
[Source "lmi"]
[SourceDate "2018.09.24"]
[WhiteTeam "Nepal"]
[BlackTeam "Surinam"]
[WhiteTeamCountry "NEP"]
[BlackTeamCountry "SUR"]

1. d4 Nf6 2. Bg5 e6 3. Nf3 d5 4. e3 Nbd7 5. c4 c6 6. Nc3 Be7 7. Be2 O-O 8. O-O
Re8 9. Qc2 h6 10. Bh4 Qc7 11. Rac1 a6 12. c5 e5 13. Bg3 Bf8 14. dxe5 Nh5 15. e6
Nxg3 16. exf7+ Kxf7 17. hxg3 Nxc5 18. Nd4 Kg8 19. Qg6 Qf7 20. Bh5 Qxg6 21. Bxg6
Re5 22. Rfe1 Rg5 23. Bc2 Bd7 24. b4 Ne6 25. Nf3 Bxb4 26. Nxg5 Bxc3 27. Bh7+ Kh8
28. Rxc3 Nxg5 29. Bg6 Rc8 30. Rd3 Ne6 31. Rd2 b5 32. f4 Nc7 33. e4 Be8 34. Bf5
Rd8 35. exd5 Nxd5 36. Red1 Bf7 37. Rc1 Rd6 38. Bc8 a5 39. Bb7 Be8 40. Bc8 Rd8
41. Be6 Kh7 42. Rc5 Rd6 43. Bxd5 Rxd5 44. Rdxd5 cxd5 45. Rxd5 a4 46. a3 Kg6 47.
Kf2 Kf6 48. Re5 Bc6 49. Ke3 g5 50. Kd4 gxf4 51. gxf4 Bxg2 52. Rxb5 Bf1 53. Ra5
Bg2 54. Rxa4 Kf5 55. Ra5+ Kxf4 56. Rh5 Kg4 57. Rxh6 Kg5 58. Re6 Kf5 59. Re1 Kf6
60. Kc5 Bh3 61. a4 Bd7 62. a5 Bc8 63. Kb6 1-0

[Event "43. Olimpiada Batumi 2018 Femenina"]
[Site "Batumi GEO"]
[Date "2018.10.01"]
[Round "7.1"]
[White "Hamoonga, Linda Banti"]
[Black "Tjaronda, Nicola"]
[Result "1-0"]
[WhiteElo "1767"]
[BlackElo "1503"]
[PlyCount "96"]
[EventDate "2018.09.24"]
[EventType "team-swiss"]
[EventRounds "11"]
[EventCountry "GEO"]
[SourceTitle "Ajedrez en Madrid"]
[Source "lmi"]
[SourceDate "2018.09.24"]
[WhiteTeam "Zambia"]
[BlackTeam "Namibia"]
[WhiteTeamCountry "ZAM"]
[BlackTeamCountry "NAM"]

1. d4 d6 2. c4 e5 3. dxe5 dxe5 4. Qxd8+ Kxd8 5. e3 f6 6. Nc3 Bb4 7. Bd2 Ne7 8.
Bd3 Bf5 9. Bxf5 Nxf5 10. Nge2 c6 11. O-O Nd7 12. Rfd1 Bxc3 13. Nxc3 Nd6 14. b3
Kc7 15. e4 Nc5 16. f3 Ne6 17. Be3 Nf7 18. Rd2 Rhd8 19. Rad1 b6 20. Kf2 Rxd2+
21. Rxd2 Rd8 22. Rxd8 Nfxd8 23. Ke2 Nd4+ 24. Kd3 N8e6 25. Nb1 Nc5+ 26. Kd2 Kd6
27. Nc3 a5 28. Bf2 Nce6 29. Be3 Kc7 30. Na4 b5 31. cxb5 cxb5 32. Nc3 Kc6 33.
Kd1 Kc5 34. Kc1 Kc6 35. Kd2 Nc5 36. Bxd4 exd4 37. Ne2 Ne6 38. Kd3 Kc5 39. a3 b4
40. a4 g5 41. g3 h5 42. f4 gxf4 43. Nxf4 Nxf4+ 44. gxf4 h4 45. h3 Kc6 46. Kxd4
Kd6 47. Kc4 Kc6 48. e5 f5 1-0

[Event "43. Olimpiada Batumi 2018 Femenina"]
[Site "Batumi GEO"]
[Date "2018.10.01"]
[Round "7.2"]
[White "Nepando, Jolly"]
[Black "Bwalya Mulwale, Lubuuto"]
[Result "0-1"]
[WhiteElo "1479"]
[BlackElo "1607"]
[PlyCount "74"]
[EventDate "2018.09.24"]
[EventType "team-swiss"]
[EventRounds "11"]
[EventCountry "GEO"]
[SourceTitle "Ajedrez en Madrid"]
[Source "lmi"]
[SourceDate "2018.09.24"]
[WhiteTeam "Namibia"]
[BlackTeam "Zambia"]
[WhiteTeamCountry "NAM"]
[BlackTeamCountry "ZAM"]

1. e4 c5 2. Nf3 g6 3. d3 Nc6 4. c3 Nf6 5. Nbd2 Bg7 6. Be2 O-O 7. O-O Qc7 8. h3
d5 9. Re1 Rd8 10. Qc2 b6 11. b3 Bb7 12. Nf1 dxe4 13. dxe4 Ne5 14. Ng3 c4 15.
Nxe5 cxb3 16. axb3 Qxe5 17. Bb2 Nd7 18. Bf3 h5 19. Rab1 Qe6 20. Ne2 Rac8 21.
Nf4 Qd6 22. Nd3 Nc5 23. Ba3 Qxd3 24. Qxd3 Rxd3 25. b4 Bxc3 26. Rec1 Nxe4 27.
Bxe4 Bxe4 28. Rb3 Bd5 29. Rbb1 Rd8 30. Rd1 Ba2 31. Rxd3 Rxd3 32. Rc1 Be5 33.
Re1 Bd6 34. Bb2 Bxb4 35. Ra1 Bd5 36. Rxa7 Rd1+ 37. Kh2 Bd6+ 0-1

[Event "43. Olimpiada Batumi 2018 Femenina"]
[Site "Batumi GEO"]
[Date "2018.10.01"]
[Round "7.3"]
[White "Mututubanya, Portiah"]
[Black "Shipindo, Rauha"]
[Result "0-1"]
[WhiteElo "1505"]
[BlackElo "1518"]
[PlyCount "142"]
[EventDate "2018.09.24"]
[EventType "team-swiss"]
[EventRounds "11"]
[EventCountry "GEO"]
[SourceTitle "Ajedrez en Madrid"]
[Source "lmi"]
[SourceDate "2018.09.24"]
[WhiteTeam "Zambia"]
[BlackTeam "Namibia"]
[WhiteTeamCountry "ZAM"]
[BlackTeamCountry "NAM"]

1. e4 e5 2. Bc4 Nc6 3. Qf3 Qf6 4. c3 Bc5 5. b4 Bb6 6. a4 a5 7. b5 Nce7 8. d3 d6
9. Be3 Bxe3 10. fxe3 Be6 11. Qxf6 Nxf6 12. Bxe6 fxe6 13. h3 c6 14. Nf3 h6 15.
Nbd2 O-O 16. Nc4 Rfd8 17. Nb6 Rab8 18. Ke2 Nc8 19. Nxc8 Rdxc8 20. Nd2 d5 21.
exd5 exd5 22. c4 b6 23. Nf3 Nd7 24. Nh4 cxb5 25. Nf5 Kh7 26. Nd6 Rc6 27. Nxb5
dxc4 28. dxc4 Rxc4 29. Kd3 Rb4 30. Rhb1 Nc5+ 31. Ke2 Rxa4 32. Rxa4 Nxa4 33. Kd3
Kg6 34. Ke4 Re8 35. Rd1 Re6 36. Kd5 Kf6 37. Rf1+ Ke7 38. Rf5 e4 39. Re5 Rxe5+
40. Kxe5 Nc5 41. Kd5 Kd7 42. h4 a4 43. g4 g6 44. Na3 Ne6 45. Kxe4 Kd6 46. h5
gxh5 47. gxh5 Ng7 48. Kd4 Nxh5 49. e4 Nf4 50. Nc4+ Kc6 51. e5 b5 52. Na3 Ne6+
53. Ke4 b4 54. Nc2 b3 55. Na3 h5 56. Kf5 Kd5 57. Nb1 b2 58. Nc3+ Kd4 59. Nb1
Nc5 60. Na3 h4 61. Kg4 Kxe5 62. Kxh4 Kd4 63. Kg3 Kc3 64. Kf3 Kb3 65. Nb1 Ka2
66. Nc3+ Ka1 67. Ke3 b1=Q 68. Nxb1 Kxb1 69. Kd4 Nb3+ 70. Kc4 Kb2 71. Kb4 a3 0-1

[Event "43. Olimpiada Batumi 2018 Femenina"]
[Site "Batumi GEO"]
[Date "2018.10.01"]
[Round "7.4"]
[White "Valombola, Magdalena"]
[Black "Simenda, Daisy"]
[Result "1/2-1/2"]
[WhiteElo "1364"]
[BlackElo "1509"]
[PlyCount "107"]
[EventDate "2018.09.24"]
[EventType "team-swiss"]
[EventRounds "11"]
[EventCountry "GEO"]
[SourceTitle "Ajedrez en Madrid"]
[Source "lmi"]
[SourceDate "2018.09.24"]
[WhiteTeam "Namibia"]
[BlackTeam "Zambia"]
[WhiteTeamCountry "NAM"]
[BlackTeamCountry "ZAM"]

1. e4 e5 2. Bc4 Nc6 3. Nf3 Nd4 4. Nxd4 exd4 5. Qf3 Qe7 6. d3 Qf6 7. Qxf6 Nxf6
8. O-O d6 9. Re1 Nd7 10. Nd2 Be7 11. Nf3 c5 12. e5 dxe5 13. Nxe5 Nxe5 14. Rxe5
f6 15. Re1 Bd7 16. Bf4 Kd8 17. Rac1 g5 18. Bg3 f5 19. Bc7+ Kxc7 20. Rxe7 Kd6
21. Rg7 b5 22. Bb3 a5 23. Rxg5 Raf8 24. Re1 a4 25. Bxa4 bxa4 26. Rh5 Re8 27.
Rc1 Re7 28. c4 dxc3 29. bxc3 Rhe8 30. Rf1 Rg7 31. Rb1 Bc6 32. f3 Bxf3 33. Rxf5
Bxg2 34. Rf6+ Kc7 35. Kf2 Bc6 36. Rf5 Rg2+ 37. Kf1 Rxh2 38. Rf7+ Kc8 39. Rb6
Bd5 40. Rf5 Kc7 41. Rb5 Bc6 42. Rbxc5 Rh6 43. Rf4 Kb6 44. Rcc4 Re3 45. Rb4+ Ka6
46. Rfd4 Rh1+ 47. Kf2 Rf3+ 48. Ke2 Rh2+ 49. Ke1 Rxa2 50. Rd6 Re3+ 51. Kf1 Ra1+
52. Kf2 Rf3+ 53. Ke2 Ra2+ 54. Ke1 1/2-1/2

[Event "43. Olimpiada Batumi 2018 Femenina"]
[Site "Batumi GEO"]
[Date "2018.10.01"]
[Round "7.1"]
[White "Leon Sandoval, Johan"]
[Black "Mena, Ailen Oriana"]
[Result "1/2-1/2"]
[WhiteElo "1708"]
[BlackElo "1884"]
[PlyCount "87"]
[EventDate "2018.09.24"]
[EventType "team-swiss"]
[EventRounds "11"]
[EventCountry "GEO"]
[SourceTitle "Ajedrez en Madrid"]
[Source "lmi"]
[SourceDate "2018.09.24"]
[WhiteTeam "Nicaragua"]
[BlackTeam "Netherlands Antilles"]
[WhiteTeamCountry "NCA"]
[BlackTeamCountry "AHO"]

1. c4 e5 2. Nc3 Nf6 3. g3 d5 4. cxd5 Nxd5 5. Bg2 Nb6 6. d3 Be7 7. Nf3 Nc6 8.
O-O O-O 9. Be3 Be6 10. a3 f6 11. b4 a5 12. b5 Nd4 13. Nd2 c6 14. bxc6 Nxc6 15.
Rb1 Nd5 16. Nxd5 Bxd5 17. Bxd5+ Qxd5 18. Nc4 Rab8 19. Nb6 Qd6 20. Qb3+ Kh8 21.
Nc4 Qd5 22. Bb6 Bd8 23. e3 Bxb6 24. Nxb6 Qd6 25. Rfd1 Rfd8 26. Qc3 Qe7 27. Rb5
Qe8 28. Qc5 h6 29. Nc4 a4 30. Nb6 Na7 31. Ra5 Nc8 32. d4 exd4 33. Rxd4 Rxd4 34.
Qxd4 Nxb6 35. Qxb6 Qd7 36. Qd4 Qxd4 37. exd4 b5 38. d5 b4 39. axb4 Rxb4 40. Kf1
Rd4 41. Ke2 a3 42. Ke3 Rd1 43. Rxa3 Rxd5 44. f4 1/2-1/2

[Event "43. Olimpiada Batumi 2018 Femenina"]
[Site "Batumi GEO"]
[Date "2018.10.01"]
[Round "7.2"]
[White "Sanchez, Mariana"]
[Black "Narvaez Talavera, Joanie Ellen"]
[Result "0-1"]
[WhiteElo "1505"]
[BlackElo "1670"]
[PlyCount "48"]
[EventDate "2018.09.24"]
[EventType "team-swiss"]
[EventRounds "11"]
[EventCountry "GEO"]
[SourceTitle "Ajedrez en Madrid"]
[Source "lmi"]
[SourceDate "2018.09.24"]
[WhiteTeam "Netherlands Antilles"]
[BlackTeam "Nicaragua"]
[WhiteTeamCountry "AHO"]
[BlackTeamCountry "NCA"]

1. e4 d5 2. exd5 Qxd5 3. Nc3 Qa5 4. d4 Nf6 5. Bd2 c6 6. Nf3 Bf5 7. Bc4 e6 8. a3
Qc7 9. b4 Be7 10. h3 h6 11. Ne5 O-O 12. Qe2 Nd5 13. O-O-O a5 14. Na2 b5 15. g4
Bxc2 16. Kxc2 bxc4 17. Qxc4 axb4 18. axb4 Rxa2+ 19. Qxa2 Bxb4 20. Qb2 c5 21.
Kb1 Na6 22. Qa1 Rb8 23. Qxa6 Bxd2+ 24. Ka1 Bc3+ 0-1

[Event "43. Olimpiada Batumi 2018 Femenina"]
[Site "Batumi GEO"]
[Date "2018.10.01"]
[Round "7.3"]
[White "Alvarez Gutierrez, Patricia"]
[Black "Salim-Moussa, Arzy Zahia"]
[Result "1-0"]
[WhiteElo "1623"]
[BlackElo "1357"]
[PlyCount "81"]
[EventDate "2018.09.24"]
[EventType "team-swiss"]
[EventRounds "11"]
[EventCountry "GEO"]
[SourceTitle "Ajedrez en Madrid"]
[Source "lmi"]
[SourceDate "2018.09.24"]
[WhiteTeam "Nicaragua"]
[BlackTeam "Netherlands Antilles"]
[WhiteTeamCountry "NCA"]
[BlackTeamCountry "AHO"]

1. d4 e6 2. Bf4 d5 3. e3 Nf6 4. Nd2 Nc6 5. c3 a6 6. Bd3 Bd6 7. Bg3 O-O 8. Ngf3
Nd7 9. Bh4 Be7 10. Bg3 b5 11. Ne5 Ncxe5 12. dxe5 Nc5 13. Bc2 Bb7 14. O-O Ne4
15. Nxe4 dxe4 16. Qe2 Bh4 17. Rad1 Qe7 18. Qg4 Bxg3 19. hxg3 f5 20. exf6 Qxf6
21. Bxe4 Bxe4 22. Qxe4 Rab8 23. Qf4 Qxf4 24. gxf4 Rbd8 25. Rfe1 c5 26. Kf1 c4
27. Rd4 Rxd4 28. exd4 Kf7 29. g3 Rd8 30. Re5 Rd5 31. Ke2 Kf6 32. Ke3 a5 33. Ke4
g6 34. Rxd5 exd5+ 35. Kxd5 g5 36. fxg5+ Kxg5 37. Ke5 Kg6 38. Ke6 Kg7 39. Ke7 b4
40. d5 b3 41. a3 1-0

[Event "43. Olimpiada Batumi 2018 Femenina"]
[Site "Batumi GEO"]
[Date "2018.10.01"]
[Round "7.1"]
[White "Figueroa, Any"]
[Black "Johnson, Gabriella"]
[Result "0-1"]
[WhiteElo "1739"]
[BlackElo "1840"]
[PlyCount "62"]
[EventDate "2018.09.24"]
[EventType "team-swiss"]
[EventRounds "11"]
[EventCountry "GEO"]
[SourceTitle "Ajedrez en Madrid"]
[Source "lmi"]
[SourceDate "2018.09.24"]
[WhiteTeam "Honduras"]
[BlackTeam "Trinidad & Tobago"]
[WhiteTeamCountry "HON"]

1. d4 Nf6 2. Nf3 e6 3. g3 d5 4. Bg2 b5 5. O-O Bb7 6. c3 Nbd7 7. a4 a6 8. Nbd2
c5 9. Qc2 Be7 10. b3 O-O 11. c4 Qb6 12. cxd5 Nxd5 13. dxc5 Nxc5 14. Ba3 Rac8
15. e4 Nf6 16. e5 Nd5 17. Rfd1 Nxa4 18. Qd3 Nac3 19. Bxe7 Nxe7 20. Ng5 Ng6 21.
Rdc1 Rfd8 22. Rxc3 Rxd3 23. Rxd3 Bxg2 24. Kxg2 Nxe5 25. Re3 Ng4 26. Re2 h6 27.
Ngf3 Rc2 28. Rae1 Qc7 29. Ra1 Qc8 30. Ree1 Qc3 31. Re2 Qxa1 0-1

[Event "43. Olimpiada Batumi 2018 Femenina"]
[Site "Batumi GEO"]
[Date "2018.10.01"]
[Round "7.2"]
[White "Yearwood, Shannon"]
[Black "Cruz, Bitia"]
[Result "0-1"]
[WhiteElo "1608"]
[BlackElo "1702"]
[PlyCount "144"]
[EventDate "2018.09.24"]
[EventType "team-swiss"]
[EventRounds "11"]
[EventCountry "GEO"]
[SourceTitle "Ajedrez en Madrid"]
[Source "lmi"]
[SourceDate "2018.09.24"]
[WhiteTeam "Trinidad & Tobago"]
[BlackTeam "Honduras"]
[BlackTeamCountry "HON"]

1. e4 e5 2. Nf3 Nf6 3. Nc3 Nc6 4. d4 exd4 5. Nxd4 Bb4 6. Nxc6 bxc6 7. Bd3 d5 8.
exd5 cxd5 9. O-O O-O 10. Bg5 c6 11. Na4 Qd6 12. c3 Ba5 13. Bh4 Bg4 14. Qc2 h6
15. Rfe1 Rfe8 16. Bg3 Rxe1+ 17. Rxe1 Qd8 18. Nc5 Bb6 19. Nb7 Qd7 20. Nd6 Nh5
21. Nf5 Nxg3 22. hxg3 Bxf5 23. Bxf5 Qd6 24. Qe2 g6 25. Bh3 Qxg3 26. Kf1 Qh2 27.
Qe7 Qf4 28. Qe2 d4 29. cxd4 Qxd4 30. Rd1 Qf6 31. b3 Rd8 32. Rxd8+ Qxd8 33. Bg4
Qd4 34. Bf3 Qa1+ 35. Qe1 Qxa2 36. Bxc6 Qxb3 37. Qe8+ Kg7 38. Qe5+ Kh7 39. Qe4
Qd1+ 40. Qe1 Qxe1+ 41. Kxe1 g5 42. f3 Kg6 43. g4 h5 44. gxh5+ Kxh5 45. Be8 Kg6
46. Ke2 Kf6 47. Kf1 Ke7 48. Bc6 Kd6 49. Be8 f6 50. Kg2 Bd4 51. Kf1 Kc5 52. Ke2
Kb4 53. Kd3 Be5 54. Kc2 a5 55. Kb1 a4 56. Bc6 a3 57. Bd5 Kc5 58. Ba2 Kd4 59.
Kc2 Ke3 60. Bd5 a2 61. Bxa2 Kxf3 62. Bd5+ Kg4 63. Kd2 f5 64. Ke2 f4 65. Kf2
Bd4+ 66. Kg2 Kf5 67. Bb7 g4 68. Bc6 Ke5 69. Bd7 f3+ 70. Kf1 g3 71. Bh3 Kf4 72.
Ke1 g2 0-1

[Event "43. Olimpiada Batumi 2018 Femenina"]
[Site "Batumi GEO"]
[Date "2018.10.01"]
[Round "7.3"]
[White "Garcia, Marcella"]
[Black "James, Shemilah"]
[Result "0-1"]
[WhiteElo "1755"]
[BlackElo "1535"]
[PlyCount "78"]
[EventDate "2018.09.24"]
[EventType "team-swiss"]
[EventRounds "11"]
[EventCountry "GEO"]
[SourceTitle "Ajedrez en Madrid"]
[Source "lmi"]
[SourceDate "2018.09.24"]
[WhiteTeam "Honduras"]
[BlackTeam "Trinidad & Tobago"]
[WhiteTeamCountry "HON"]

1. e4 e5 2. Nf3 Nc6 3. d4 exd4 4. Bc4 Be7 5. c3 d6 6. Qb3 Na5 7. Bxf7+ Kf8 8.
Qa4 Kxf7 9. Qxa5 h6 10. cxd4 c6 11. Qd2 Nf6 12. Nc3 Re8 13. O-O Kg8 14. Qd3 Be6
15. Be3 Rf8 16. a4 Qd7 17. Rfe1 Nh5 18. Qd2 Bg4 19. Ne2 Rxf3 20. h3 Rxe3 21.
Qxe3 Bxe2 22. Qxe2 Nf4 23. Qc2 Rf8 24. e5 dxe5 25. dxe5 Qd5 26. Qe4 Qxe4 27.
Rxe4 Nd3 28. f3 Bc5+ 29. Kf1 Nf4 30. Rd1 Nd5 31. e6 Ne3+ 32. Rxe3 Bxe3 33. e7
Re8 34. Rd7 Kf7 35. Rxb7 Rxe7 36. Rb3 Bd4 37. Rb4 c5 38. Rb8 Be5 39. Rb5 Bg3
0-1

[Event "43. Olimpiada Batumi 2018 Femenina"]
[Site "Batumi GEO"]
[Date "2018.10.01"]
[Round "7.4"]
[White "Ali, Amy"]
[Black "Garcia, Andrea Nicole"]
[Result "1/2-1/2"]
[WhiteElo "1446"]
[BlackElo "1698"]
[PlyCount "61"]
[EventDate "2018.09.24"]
[EventType "team-swiss"]
[EventRounds "11"]
[EventCountry "GEO"]
[SourceTitle "Ajedrez en Madrid"]
[Source "lmi"]
[SourceDate "2018.09.24"]
[WhiteTeam "Trinidad & Tobago"]
[BlackTeam "Honduras"]
[BlackTeamCountry "HON"]

1. d4 d5 2. Nf3 Nf6 3. g3 e6 4. Bg2 c5 5. c3 cxd4 6. cxd4 Nc6 7. O-O Bd6 8. Bg5
h6 9. Bxf6 Qxf6 10. Nc3 O-O 11. e3 a6 12. a4 Qd8 13. Qc2 Qa5 14. e4 dxe4 15.
Nxe4 Be7 16. Rfd1 Rd8 17. Ned2 Bd7 18. Nb3 Qb4 19. Qc3 Rac8 20. Qxb4 Nxb4 21.
Ne5 Nd5 22. Nxd7 Rxd7 23. Rac1 Rdc7 24. Rxc7 Rxc7 25. Rc1 Rxc1+ 26. Nxc1 a5 27.
Bxd5 exd5 28. Kg2 f6 29. Kf3 Kf7 30. Ke3 Ke6 31. g4 1/2-1/2